01179nam a2200289 a 450000100100000000500170001000800410002702000150006804000250008308200200010810000410012824501430016926000360031230000470034850000630039550400600045850400310051865000230054965000450057265000350061765000420065265000430069465000470073765100490078470000230083370000330085600002251320251204073702.0101012s1998 dr ad 001 0 spa d a8484002950 aDO-SdBNPbspacBNPHU a362.0424bP438p1 aPérez Sánchez, Manuel de Jesús10aPrevención del abuso y dignidad /cManuel de Jesús Pérez Sánchez ; presentación Ramón A. Alonso ; prólogo José Ingenieros. aSanto Domingo :bTaller,c1998. a207 p. :bil., gráfcs., tablas ;c23 cm. aIncluye datos biográficos del autor en la contraportada. aIncluye bibliografía y notas al final de capítulos. aBibliografía: p.205-207. 0aProblemas sociales 4aDelitos sexualeszRepública Dominicana 0aAdministración de justicia  4aDerecho penalzRepública Dominicana 4aViolenciaxAspectos morales y éticos 4aViolencia familiarxPrevención y control 4aRepública DominicanaxCondiciones Sociales1 aAlonso, Ramón A.1 aIngenieros, José,epról.